[Event "Ruhrgebiet Verbandsklasse Gruppe 1 1718"]
[Site "Germany"]
[Date "2018.02.25"]
[Round "7.4"]
[White "Sicars, Thorsten"]
[Black "Kreitling, Oliver"]
[Result "1/2-1/2"]
[WhiteElo "1919"]
[BlackElo "1805"]
[PlyCount "57"]
[EventDate "2017.09.17"]
[EventType "team-tourn"]
[EventRounds "9"]
[EventCountry "GER"]
[SourceTitle "EXT 2022"]
[Source "ChessBase"]
[SourceDate "2021.10.06"]
[SourceVersion "1"]
[SourceVersionDate "2021.10.06"]
[SourceQuality "1"]
[WhiteTeam "Wattenscheid SV III"]
[BlackTeam "Buer SF"]
[WhiteTeamCountry "GER"]
[BlackTeamCountry "GER"]

1. Nf3 d5 2. c4 e6 3. b3 Nf6 4. g3 c5 5. Bb2 d4 6. e3 Nc6 7. exd4 cxd4 8. Bg2 Bc5 9. 0-0 0-0 10. d3 e5 11. Re1 Re8 12. Ba3 Qd6 13. Bxc5 Qxc5 14. a3 a5 15. Nbd2 Bf5 16. Qc2 h6 17. Nh4 Bh7 18. Ne4 Nxe4 19. Bxe4 Bxe4 20. Rxe4 Re6 21. Qb2 Qf8 22. Nf3 f6 23. Rb1 Nd8 24. Ree1 Rea6 25. Ra1 Ne6 26. Qc2 Qe8 27. Rab1 Qc6 28. Qe2 Kf7 29. Nd2 1/2-1/2

[Event "Ruhrgebiet Verbandsklasse Gruppe 1 1718"]
[Site "Germany"]
[Date "2017.11.05"]
[Round "3.3"]
[White "Uhlich, Wilfried"]
[Black "Sicars, Thorsten"]
[Result "1/2-1/2"]
[WhiteElo "1806"]
[BlackElo "1919"]
[PlyCount "51"]
[EventDate "2017.09.17"]
[EventType "team-tourn"]
[EventRounds "9"]
[EventCountry "GER"]
[SourceTitle "EXT 2022"]
[Source "ChessBase"]
[SourceDate "2021.10.06"]
[SourceVersion "1"]
[SourceVersionDate "2021.10.06"]
[SourceQuality "1"]
[WhiteTeam "Drewer SG"]
[BlackTeam "Wattenscheid SV III"]
[WhiteTeamCountry "GER"]
[BlackTeamCountry "GER"]

1. d4 c6 2. c4 d5 3. cxd5 cxd5 4. Nf3 Nc6 5. Nc3 Nf6 6. Bf4 a6 7. e3 Bg4 8. Be2 e6 9. 0-0 Bd6 10. Bxd6 Qxd6 11. Rc1 0-0 12. Na4 Ne4 13. a3 Rac8 14. b4 f5 15. Nc5 Rc7 16. Nd2 Bxe2 17. Qxe2 Nxd2 18. Qxd2 Nb8 19. Nd3 Rfc8 20. Rxc7 Rxc7 21. Rc1 Nd7 22. Rc3 Rc4 23. Nb2 Rc6 24. Qc1 Nb8 25. Rxc6 Nxc6 26. Qc5 1/2-1/2

[Event "Dortmund Sparkassen op-A 44th"]
[Site "Dortmund"]
[Date "2016.07.16"]
[Round "8"]
[White "Kueppers, Timo"]
[Black "Sicars, Thorsten"]
[Result "1-0"]
[WhiteElo "1967"]
[BlackElo "2066"]
[PlyCount "63"]
[EventDate "2016.07.09"]
[EventType "swiss"]
[EventRounds "9"]
[EventCountry "GER"]
[SourceTitle "CBM 173 Extra"]
[Source "ChessBase"]
[SourceDate "2016.08.29"]
[SourceVersion "1"]
[SourceVersionDate "2016.08.29"]
[SourceQuality "1"]

1. e4 c6 2. d4 d5 3. Nc3 dxe4 4. Nxe4 Bf5 5. Ng3 Bg6 6. h4 h6 7. Nf3 Nd7 8. h5 Bh7 9. Bd3 Bxd3 10. Qxd3 e6 11. Bd2 Qc7 12. 0-0-0 Ngf6 13. Kb1 0-0-0 14. c4 c5 15. Qc2 cxd4 16. Nxd4 a6 17. Nge2 Bd6 18. b4 Ng4 19. Be1 Nde5 20. c5 Be7 21. Rh3 Nc6 22. Rg3 Nxd4 23. Nxd4 f5 24. Rgd3 Qe5 25. c6 Qd5 26. cxb7+ Kxb7 27. Nb3 Qb5 28. a4 Qe8 29. Na5+ Kb6 30. Rxd8 Qxd8 31. Qc6+ Ka7 32. Qb7# 1-0

[Event "Dortmund Sparkassen op-A 44th"]
[Site "Dortmund"]
[Date "2016.07.12"]
[Round "4"]
[White "Knudsen, Simon"]
[Black "Sicars, Thorsten"]
[Result "1-0"]
[WhiteElo "1873"]
[BlackElo "2066"]
[PlyCount "49"]
[EventDate "2016.07.09"]
[EventType "swiss"]
[EventRounds "9"]
[EventCountry "GER"]
[SourceTitle "CBM 173 Extra"]
[Source "ChessBase"]
[SourceDate "2016.08.29"]
[SourceVersion "1"]
[SourceVersionDate "2016.08.29"]
[SourceQuality "1"]

1. e4 c6 2. d4 d5 3. e5 c5 4. dxc5 Nc6 5. Nf3 Bg4 6. c3 e6 7. Be3 Nge7 8. Nbd2 Nf5 9. Bd4 Be7 10. Qa4 0-0 11. Bd3 Nfxd4 12. cxd4 f6 13. 0-0 fxe5 14. dxe5 Bf5 15. Bb5 Bxc5 16. Bxc6 bxc6 17. Rac1 Qb6 18. Nb3 Be7 19. Rxc6 Qd8 20. Nfd4 Qd7 21. Qa6 Be4 22. f3 Bg6 23. Nxe6 Rf7 24. Rfc1 h6 25. Rc7 1-0

[Event "Ruhrgebiet Regionalliga 1516"]
[Site "Germany"]
[Date "2016.03.13"]
[Round "7.8"]
[White "Holtkamp, Matthias"]
[Black "Sicars, Thorsten"]
[Result "0-1"]
[WhiteElo "1927"]
[BlackElo "1979"]
[PlyCount "106"]
[EventDate "2015.09.13"]
[EventType "team-tourn"]
[EventRounds "9"]
[EventCountry "GER"]
[SourceTitle "EXT 2022"]
[Source "ChessBase"]
[SourceDate "2021.10.06"]
[SourceVersion "1"]
[SourceVersionDate "2021.10.06"]
[SourceQuality "1"]
[WhiteTeam "Gladbeck SG"]
[BlackTeam "Wattenscheid SV II"]
[WhiteTeamCountry "GER"]
[BlackTeamCountry "GE2"]

1. d4 c6 2. c4 d5 3. e3 Bf5 4. Nc3 e6 5. cxd5 cxd5 6. Nf3 Nc6 7. Bb5 Bd6 8. 0-0 Nf6 9. Ne5 Qc7 10. Qa4 0-0 11. f4 Rfc8 12. Bd3 Bxd3 13. Nxd3 a6 14. Bd2 b5 15. Qd1 Qb6 16. Qe2 Rc7 17. Rac1 Rac8 18. Ne5 Na5 19. g4 Nc4 20. Nxc4 Rxc4 21. g5 Nd7 22. f5 Be7 23. Qg4 Kh8 24. Qh5 g6 25. fxg6 fxg6 26. Qh6 Rf8 27. Rxf8+ Bxf8 28. Qh3 Qd6 29. Rf1 Qe7 30. Qg3 Bg7 31. a3 Rc8 32. Ne2 e5 33. Bb4 Qe6 34. Bc3 Re8 35. dxe5 Nxe5 36. Nf4 Qd7 37. Rd1 Nc4 38. Rxd5 Qe7 39. Bxg7+ Kxg7 40. e4 Qxe4 41. Rd7+ Kg8 42. Qc3 Ne5 43. Qb3+ Kh8 44. Rf7 Nxf7 45. Qxf7 Qb1+ 46. Kf2 Qxb2+ 47. Kf1 Qc1+ 48. Kg2 Qd2+ 49. Kf3 Re3+ 50. Kg4 Qd1+ 51. Kh4 Qe1+ 52. Kg4 Qg1+ 53. Kh4 Qxh2+ 0-1

[Event "Ruhrgebiet Regionalliga 1112"]
[Site "Nordrheinwestfalen"]
[Date "2012.05.06"]
[Round "9.7"]
[White "Georg, Heinz"]
[Black "Sicars, Thorsten"]
[Result "1-0"]
[WhiteElo "2181"]
[BlackElo "1995"]
[PlyCount "83"]
[EventDate "2011.09.25"]
[EventType "team-tourn"]
[EventRounds "9"]
[EventCountry "GER"]
[SourceTitle "EXT 2020"]
[Source "ChessBase"]
[SourceDate "2019.10.17"]
[SourceVersion "1"]
[SourceVersionDate "2019.10.17"]
[SourceQuality "1"]
[WhiteTeam "Kamen SV"]
[BlackTeam "Holsterhausen SK"]
[WhiteTeamCountry "GER"]
[BlackTeamCountry "GER"]

1. e4 c6 2. d4 d5 3. exd5 cxd5 4. c4 Nf6 5. Nc3 Nc6 6. Bg5 e6 7. cxd5 exd5 8. Nf3 Be7 9. Ne5 0-0 10. Be2 Qb6 11. Nxc6 bxc6 12. Qd2 Bf5 13. 0-0 Qd8 14. Rac1 Qa5 15. Rfe1 Rfe8 16. Bf3 h6 17. Nxd5 Qxd2 18. Nxe7+ Rxe7 19. Bxd2 Rxe1+ 20. Bxe1 Be6 21. Rxc6 Bxa2 22. Bc3 Re8 23. Ra6 Nd5 24. h3 Bc4 25. Rxa7 Nf4 26. Ra8 Rxa8 27. Bxa8 Bd5 28. Bxd5 Nxd5 29. g3 Kf8 30. Kg2 Ke7 31. Kf3 Ke6 32. Ke4 Nf6+ 33. Kd3 Kd5 34. Ke3 h5 35. f3 g6 36. Kf4 Ke6 37. g4 hxg4 38. fxg4 Nd5+ 39. Kg5 Ke7 40. h4 Ke6 41. Bd2 Ne7 42. b4 1-0